El laberinto de las sirenas: el mar

Guardat en:
Dades bibliogràfiques
Autor principal: Baroja, Pío (Autor)
Format: Llibre
Idioma:espanyol
Publicat: Madrid Aguilar 1950
Edició:1a. ed
Col·lecció:Colección Crisol, 292
Matèries:
Etiquetes: Afegir etiqueta
Sense etiquetes, Sigues el primer a etiquetar aquest registre!

MARC

LEADER 00000nam a2200000 a 4500
001 UCH0321
003 CL-VaPUC
008 090306e19500000SP |||||||||||||||||spa|d
082 0 4 |a 863  |b BAR  |2 21 
100 0 |a Baroja, Pío  |e author  |9 322211 
245 1 3 |a El laberinto de las sirenas: el mar 
250 |a 1a. ed 
300 |a 509 p 
942 |c BK 
945 |d 20090306 00:00:00  |a cmena 
260 |a Madrid  |b Aguilar  |c 1950 
650 0 |a Novelas españolas  |9 265052 
650 0 |a Literatura española  |9 306261 
583 |a last modification  |c 20130105 12:28:55  |k Rodrigo Vera 
490 0 |a Colección Crisol, 292 
999 |c 332654  |d 332652 
952 |0 0  |1 0  |4 0  |6 863_000000000000000_BAR_1950  |7 0  |8 A  |9 420510  |a BIBEDU  |b BIBEDU  |d 2019-11-22  |i 4519744  |o 863 BAR 1950  |p 4519744  |r 2019-11-22  |w 2019-11-22  |y BK  |k LIT